| 000 | 00790nmm a2200253 a 4500 | ||
|---|---|---|---|
| 003 | AR-BaBNM | ||
| 005 | 20251128211329.0 | ||
| 008 | 224020s2000 ||||||||||||||000 | spa|| | ||
| 020 | _a950-49-0539-0 | ||
| 040 | _cAR-BaBNM | ||
| 100 | 1 | _aSábato, Ernesto | |
| 245 | 1 | 0 | _aEl túnel |
| 260 |
_aBuenos Aires _bPlaneta _c2000 |
||
| 300 | 0 |
_a149 p. _epropuestas metodológicas para el docente |
|
| 500 | 1 | _aEdición especial para el trabajo en el aula con guía de actividades de pre-lectura, análisis y lectura comprensiva, y taller de escritura | |
| 650 | 4 | _aLITERATURA ARGENTINA | |
| 650 | 4 | _aLITERATURA CONTEMPORANEA | |
| 653 | 0 | _aNOVELA PSICOLOGICA | |
| 653 | 0 | _aNARRATIVA | |
| 655 | _aLITERATURA | ||
| 700 | 1 |
_aParis, Diana _eintroducción |
|
| 942 | _cBK | ||
| 998 | _cLaura | ||
| 999 |
_c19193 _d19193 |
||